| 000 | 00534nam a22001937a 4500 | ||
|---|---|---|---|
| 003 | OSt | ||
| 005 | 20160421142831.0 | ||
| 008 | 160421b xxu||||| |||| 00| 0 eng d | ||
| 040 | _aseku | ||
| 050 |
_aQA 13 _b.M4 |
||
| 100 | _aMeisel, Bill | ||
| 245 |
_aTopics in college Mathematics / _cMeisel, Bill |
||
| 300 | _a310 p. | ||
| 501 | _aincludes bibliographical references | ||
| 650 |
_aMathematics _xStudy and teaching (Higher) |
||
| 700 | _aShawver, Jerry | ||
| 700 |
_aWehrung, Lloyd _4contributing author |
||
| 942 |
_2lcc _cGEN |
||
| 999 |
_c12943 _d12943 |
||